Normal view
MARC view
- التربة- فييزياء التربة- كيمياء التربة- مشاكل التربة
Entry Topical Term
001 - CONTROL NUMBER
- control field: 64230
003 - CONTROL NUMBER IDENTIFIER
- control field: JO-AjAnu
005 - DATE AND TIME OF LATEST TRANSACTION
- control field: 20230606084459.0
008 - FIXED-LENGTH DATA ELEMENTS
- fixed length control field: 230606|| aca||aabn | a|a d
040 ## - CATALOGING SOURCE
- Original cataloging agency: JO-AjAnu
- Transcribing agency: JO-AjAnu
150 ## - HEADING--TOPICAL TERM
- Topical term or geographic name entry element: التربة- فييزياء التربة- كيمياء التربة- مشاكل التربة
670 ## - SOURCE DATA FOUND
- Source citation: Work cat.: (JO-AjAnu)32746: الجبوري، سلام هاتف احمد, author 64229, مشاكل التربة